| 000 | 00479nam a2200169Ia 4500 | ||
|---|---|---|---|
| 001 | 31760 | ||
| 003 | IN-NITTTR | ||
| 005 | 20251114233424.0 | ||
| 008 | 251113s9999||||xx |||||||||||||| ||eng|| | ||
| 040 | _beng | ||
| 040 | _cIN-NITTTR | ||
| 041 | _aeng | ||
| 082 | _a551.48 E71 | ||
| 245 | 0 |
_aEcohydrology : _b processes, models and case studies - an approach to the sustainable management of water resources / _cHarper, David, ed. |
|
| 700 | _aHarper, David | ||
| 942 |
_2ddc _cBK |
||
| 999 |
_c34390 _d34390 |
||